000 01035nam a22003257a 4500
003 CHAP
005 20220329135010.0
008 971013s1956 r 00010 d
010 _a29298
011 _a30270
035 _a34382
040 _cCHAP
082 _a581.102
_bM3
100 0 0 _aMachlis, Leonard.
_969404
245 _aPlants in action
_b: a laboratory manual of plant physiology
260 _aSan Francisco :
_bFreeman,
_c1956
300 _a282 p.
_b: ilus
490 _aA series of books in biology
590 _aBATCH-UPD
_b10
_c20130110
_lUCH01
_h0037
590 _aBATCH-UPD
_b10
_c20130110
_lUCH01
_h1647
590 _aBATCH-UPD
_b10
_c20130410
_lUCH01
_h1037
590 _aBATCH-UPD
_b10
_c20130914
_lUCH01
_h1412
590 _aCONVERSION
_b10
_c20130109
_lUCH01
_h1317
650 1 4 _aFisiologĂ­a vegetal.
_941136
700 0 _aTorrey, John G.
_9114300
830 0 _aA series of books in biology
_992
901 _aBK
942 _cLIBRO
949 _a581.102 M3
_bBC
_cLIBRO
_d33724000521506
_eLIBRO
_h28741
_i34382
_si
_t58.00
999 _c29298
_d29298